| 000 | 00558nam a2200241 a 4500 | ||
|---|---|---|---|
| 001 | nice12345678 | ||
| 003 | IN_TiNIC | ||
| 005 | 20260116012848.0 | ||
| 008 | 050524s1981 u sa grp 000 0 eng | ||
| 020 |
_a _c144.55 |
||
| 082 | 0 | 0 |
_a236.9 _bVIN |
| 100 | _aVines, Jerry | ||
| 245 | _aI Shall Return -Jesus | ||
| 260 |
_aU S A _bVictor Books _c1981 |
||
| 300 | _a120p | ||
| 500 | _aincludes index and biblioraphy | ||
| 505 | 2 | _aIllinois | |
| 650 | _aSecond Advent | ||
| 700 | 1 | _aVines, Jerry | |
| 902 | _bSRS | ||
| 942 | _cBK | ||
| 999 |
_c8681 _d8681 |
||